Catalog

Record Details

Catalog Search



Available copies

  • 1 of 1 copy available at LARL/NWRL Consortium.

Current holds

0 current holds with 1 total copy.

Show Only Available Copies
Location Call Number / Copy Notes Barcode Shelving Location Status Due Date
Red Lake Falls Public Library pb BUE (Text) 35500005281470 Main Available -

Record details

  • ISBN: 9780373267958 (pbk.)
  • ISBN: 0373267959 (pbk.)
  • Physical Description: 304 p. ; 17 cm.
  • Publisher: Toronto ; Worldwide, 2012, c2011.

Content descriptions

General Note:
First published by Echelon Press.
Summary, etc.:
"When fifty-year-old skeletal remains of a man and ... Read More
Subject: Women detectives > Illinois > Fiction.
Genre: Mystery fiction.
LDR 01687cam a2200289Ia 4500
001154565
003LARL_NWRL_CONSORTIUM
00520121227033907.0
008120516t20122011onc 000 1 eng d
020 . ‡a9780373267958 (pbk.)
020 . ‡a0373267959 (pbk.)
035 . ‡a(OCoLC)793771523
043 . ‡an-us-il
049 . ‡aNRG
1001 . ‡aBuehler, Luisa.
24514. ‡aThe lion tamer / ‡cLuisa Buehler.
260 . ‡aToronto ; ‡aNew York : ‡bWorldwide, ‡c2012, c2011.
300 . ‡a304 p. ; ‡c17 cm.
4900 . ‡aA Grace Marsden mystery
4900 . ‡aWorldwide mystery
500 . ‡aFirst published by Echelon Press.
520 . ‡a"When fifty-year-old skeletal remains of a man and a lion are discovered in an old circus wagon pulled from a marsh, Grace Marsden's curiosity is immediately piqued. But her excitement is interrupted by a chilling voice from the grave--a threatening letter penned by a dead woman, vowing revenge. All clues point to Grace's husband Harry's treacherous past, and a vendetta sealed in blood. But Grace has no cause to link the circus mystery and her own, until the body of a stalker is found bludgeoned behind her home. She suspects that somehow the two mysteries have become entangled. As danger closes in, Grace pieces together a ruthless story of greed, diamond smuggling and murder under the big top. But can she perform her own death-defying act?"--Publisher.
650 0. ‡aWomen detectives ‡zIllinois ‡vFiction.
655 7. ‡aMystery fiction. ‡2gsafd.
901 . ‡a154565 ‡bISxN ‡c154565 ‡tbiblio

Additional Resources